000 00477nam a2200181Ia 4500
003 GCL
008 140319s9999 xx 000 0 eng d
040 _aGCL /
_cGCL
082 0 4 _a492.709
_bA L
100 1 _aAYALON, AMI
245 1 0 _aLANGUAGE AND CHANGE IN THE ARAB MIDDLE EAST /
_cAYALON, AMI
260 _a[S.N] :
_bOXFORD UNIVERSITY PRESS ،
_c1987
300 _a196
650 0 4 _aنايل سات
650 0 4 _aHISTORY
650 0 4 _aARABIC LANGUAGE
942 _2ddc
_cBK
999 _c13776
_d13776